Waltham Forest LBC v SoS Environment Transport and the Regions (Record no. 70457)

MARC details
000 -LEADER
fixed length control field 00912cam a2200193 4500
001 - CONTROL NUMBER
control field X118368
008 - FIXED-LENGTH DATA ELEMENTS--GENERAL INFORMATION
fixed length control field 020611n2002 000 0 eng u
035 ## - SYSTEM CONTROL NUMBER
System control number (Sirsi) u118368
245 ## - TITLE STATEMENT
Title Waltham Forest LBC v SoS Environment Transport and the Regions
260 ## - PUBLICATION, DISTRIBUTION, ETC.
Date of publication, distribution, etc. 2002
490 ## - SERIES STATEMENT
Series statement Journal of Planning and Environment Law
Volume/sequential designation [2002] JPL 727-732(6)
520 ## - SUMMARY, ETC.
Summary, etc. QBD 11 October 2001. Certificate of lawfulness of proposed use. Previous use as a dwelling house. Proposed use as a home for six residents recovering from mental ilness with element of care. Material change of use. (Taken from journal headnote)
650 ## - SUBJECT ADDED ENTRY--TOPICAL TERM
Topical term or geographic name entry element WALTHAM FOREST LBC V SOS ENVIRONMENT TRANSPORT AND THE REGIONS
650 ## - SUBJECT ADDED ENTRY--TOPICAL TERM
Topical term or geographic name entry element CERTIFICATE OF LAWFULNESS OF PROPOSED USE
650 ## - SUBJECT ADDED ENTRY--TOPICAL TERM
Topical term or geographic name entry element MATERIAL CHANGE OF USE
650 ## - SUBJECT ADDED ENTRY--TOPICAL TERM
Topical term or geographic name entry element MENTALLY HANDICAPPED
690 ## - LOCAL SUBJECT ADDED ENTRY--TOPICAL TERM (OCLC, RLIN)
Topical term or geographic name as entry element ENVIRONMENTAL AND LAND CONSULTANCY-PLANNING AND DEVELOPMENT
942 ## - ADDED ENTRY ELEMENTS (KOHA)
Suppress in OPAC 0
Holdings
Withdrawn status Lost status Source of classification or shelving scheme Damaged status Not for loan Home library Current library Shelving location Date acquired Total Checkouts Full call number Barcode Date last seen Copy number Price effective from Koha item type
    Dewey Decimal Classification     London London Journal article 11/06/2002   X118368 118368-1001 06/08/2019 1 06/08/2019 Law report